| 000 | 00900nam a2200253 i 4500 | ||
|---|---|---|---|
| 001 | 162056 | ||
| 003 | ES-MaACL | ||
| 005 | 20250710063340.0 | ||
| 008 | 041103q1861 fr |||| | fre d | ||
| 040 |
_aCAM _bspa _cCAM |
||
| 080 | _a7.035/.036(44) | ||
| 100 | 1 |
_aLaurent-Pichat, Léon, _d1823-1886 _eaut _9131127 |
|
| 245 | 1 | 2 |
_aL'art et les artistes en France / _cpar Laurent Pichat. |
| 250 | _a2e éd. | ||
| 260 |
_aParis : _b[s.n., _cca. 1861] _f(Imp. de Dubuisson et C.) |
||
| 300 |
_a188 páginas ; _c16 cm. |
||
| 596 | _aBN Opale-Plus lo fecha en 1861 | ||
| 650 | 4 |
_aArte francés- _yS.XIX. _9159997 |
|
| 650 | 4 |
_aArtistas- _zParís _9148051 |
|
| 852 |
_aES-MaACL _cDEPOF _eFalto de cub. original _hDonativo Haes _jT-229-F-3 _xEn lomo: Haes _xEnc. en un vol. facticio _xHolandesa |
||
| 942 |
_2udc _cFOLLETOS _n0 |
||
| 999 |
_c162056 _d162056 |
||